000 00835nam a2200229 a 4500
001 46975
003 BD-RjUL
005 20211209054235.0
008 160806s1967 pk r 0 a0eng
035 _a(BD-RjUL)47094
040 _aDLC
_cMUL
_dCOO
_dDLC
_dHUL
_dNSD
_dCRL
_dDLC
_dOCL
_dEQO
_dBD-RjUL
_beng
041 _aeng
082 0 0 _a348.5491046
_223
_bPAK 1967
245 0 0 _aPakistan annual law digest :
_ba yearly publication containing digest of cases reported in important legal journals during the year -1967- /
_ceditor Kameruddin Bin Abbas
246 1 7 _aAnnual law digest
260 _aLahore :
_bPakistan Annual Law Digest Office,
_c[1967 ?]
300 _alxxxlx, 574 p. ;
_c25 cm.
650 0 _aLaw reports, digests, etc.
_zPakistan.
_9140809
700 _aAbbas, Kameruddin Bin
_9140810
942 _2ddc
_cBK
999 _c46975
_d46975